Energy efficient lighting and controls (Record no. 72384)

MARC details
000 -LEADER
fixed length control field 00984cam a2200229 4500
001 - CONTROL NUMBER
control field ABS66495
008 - FIXED-LENGTH DATA ELEMENTS--GENERAL INFORMATION
fixed length control field 030331n2003 000 0 eng u
035 ## - SYSTEM CONTROL NUMBER
System control number (Sirsi) u121795
110 ## - MAIN ENTRY--CORPORATE NAME
Corporate name or jurisdiction name as entry element Mott Green and Wall
9 (RLIN) 3850
245 ## - TITLE STATEMENT
Title Energy efficient lighting and controls
260 ## - PUBLICATION, DISTRIBUTION, ETC.
Date of publication, distribution, etc. 2003
490 ## - SERIES STATEMENT
Series statement Building Services Journal
Volume/sequential designation 25(3) March 2003, 24-26(2)
520 ## - SUMMARY, ETC.
Summary, etc. Mott Green and Wall and Davis Langdon and Everest research departments examine the requirements for energy efficient lighting and controls by reviewing the sections of Approved Document L1 which have been revised. Contains a summary of typical office controls and cost models for a lighting control system. Tables.
590 ## - LOCAL NOTE (RLIN)
Local note ABS
650 ## - SUBJECT ADDED ENTRY--TOPICAL TERM
Topical term or geographic name entry element BUILDING REGULATIONS 2000 APPROVED DOCUMENT L1 (2002 EDITION)
650 ## - SUBJECT ADDED ENTRY--TOPICAL TERM
Topical term or geographic name entry element LIGHTING
650 ## - SUBJECT ADDED ENTRY--TOPICAL TERM
Topical term or geographic name entry element LIGHTING CONTROLS
650 ## - SUBJECT ADDED ENTRY--TOPICAL TERM
Topical term or geographic name entry element COST MODELS
690 ## - LOCAL SUBJECT ADDED ENTRY--TOPICAL TERM (OCLC, RLIN)
Topical term or geographic name as entry element BUILT ENVIRONMENT-BUILDING STANDARDS
710 ## - ADDED ENTRY--CORPORATE NAME
Corporate name or jurisdiction name as entry element Davis Langdon and Everest
9 (RLIN) 1155
942 ## - ADDED ENTRY ELEMENTS (KOHA)
Suppress in OPAC 0
Holdings
Withdrawn status Lost status Source of classification or shelving scheme Damaged status Not for loan Home library Current library Shelving location Date acquired Total Checkouts Full call number Barcode Date last seen Copy number Price effective from Koha item type
    Dewey Decimal Classification     London London Journal article 31/03/2003   ABS66495 121795-1001 06/08/2019 1 06/08/2019 Journal article